| 000 | 00343cam a22000977a 4500 | ||
|---|---|---|---|
| 008 | 180718b1959 xxu||||| |||| 00| 0 eng d | ||
| 082 | _aT000x5452 56 | ||
| 245 | _aSecond plan Madras state : review of progess for 1956-57 and 1957-58 and programme for 1958-59 | ||
| 260 |
_aMadras _bThe Director of Infromation And Publicity _c1959 |
||
| 300 | _a263p. | ||
| 999 |
_c497216 _d497216 |
||